| 000 | 00766nas a2200253 4500 | ||
|---|---|---|---|
| 001 | BR9507267 | ||
| 003 | BR-BrBNA | ||
| 005 | 20231205095425.0 | ||
| 007 | ta | ||
| 008 | 230509b bl.|||p| |||| 00| 00por d | ||
| 040 |
_aBR-BrBNA _bpor _cBiblioteca Nacional de Agricultura |
||
| 041 | _a(Pt) | ||
| 072 | _aL74 | ||
| 100 | 1 | _aMachado, A.Y. | |
| 100 | 1 | _aViana, J.A.C. | |
| 100 | 1 | _aRangel, N.M. | |
| 245 | 1 | _aEncefalomalacia nutricional espontanea em pintos | |
| 650 | _aPinto | ||
| 650 | _aEncefalomalacia | ||
| 650 | _aMinas Gerais | ||
| 773 | 0 |
_tArquivos da Escola Superior de Veterinaria da Universidade Rural do Estado de Minas Gerais (Brazil) _x _g(1954), v. 7 p. 37-45 _wBR9507267 |
|
| 909 |
_a202311 _bLúcia _c55 _dLúcia Elande |
||
| 942 |
_2AGRIS _n0 _cANA |
||
| 999 |
_c150571 _d150571 |
||